| 000 | 00658nam a2200205Ii 4500 | ||
|---|---|---|---|
| 003 | JO-AjNU | ||
| 008 | 230605s9999||||xx |||||||||||||| ||und|| | ||
| 040 |
_aJO-AjNU _bara _erda _cJO-AjNU |
||
| 041 | _aara | ||
| 050 | 1 | 4 | _aBP189.7.S5 1997 |
| 100 | 3 |
_aأبي الشامات، محمود, _eauthor _940834 |
|
| 245 | 0 | 0 | _aالإلهامات الإلهية على الوظيفة الشاذلية اليشرطية |
| 250 | _aط4 | ||
| 264 | 3 | 1 | _aد.م: د.ن، 1997 |
| 300 | _a80ص | ||
| 336 |
_atext _btxt _2rdacontent |
||
| 337 |
_aunmediated _bn _2rdamedia |
||
| 338 |
_avolume _bnc _2rdacarrier |
||
| 650 | 4 |
_aالشاذلية- طرق صوفية _940835 |
|
| 999 |
_aA17361 _c20929 _d20929 |
||